书目信息 |
| 题名: |
中国历史地图集
|
|
| 作者: | 中国历史地图集编辑组编辑 | |
| 分册: | 第二册 秦、西汉、东汉时期 | |
| 出版信息: | 北京 中华地图学社 1982.10 |
|
| 页数: | 87页 | |
| 开本: | 26cm | |
| 丛书名: | ||
| 单 册: | ||
| 中图分类: | K992.6 | |
| 科图分类: | ||
| 主题词: | 历史地图--中国--秦汉时代 | |
| 电子资源: | ||
| ISBN: | ||
| 000 | 00658nam0 2200229 45 | |
| 001 | 0175003109 | |
| 005 | 20040513173916.4 | |
| 010 | @b精装@dCNY3.85 | |
| 091 | @a12014.1221 | |
| 100 | @a19951025d1982 em y0chiy0121 ea | |
| 101 | 0 | @achi |
| 102 | @aCN@b110000 | |
| 105 | @ab z 000yy | |
| 106 | @ar | |
| 200 | 10 | @a中国历史地图集@Azhong guo li shi di tu ji@h第二册@i秦、西汉、东汉时期@f中国历史地图集编辑组编辑 |
| 210 | @a北京@c中华地图学社@d1982.10 | |
| 215 | @a87页@c图@d26cm | |
| 606 | @a历史地图@y中国@z秦汉时代 | |
| 690 | @aK992.6@v3 | |
| 801 | 0 | @aCN@b广东省中山图书馆@c20040513 |
| 801 | 2 | @aCN@bNLC@c20040513 |
| 905 | @f1@b100794@dK992.6@e10:2 | |
| 中国历史地图集.第二册.秦、西汉、东汉时期/中国历史地图集编辑组编辑.-北京:中华地图学社,1982.10 |
| 87页:图;26cm |
| ISBN (精装):CNY3.85 |
| ● |
| 相关链接 |
|
|
|
|
正题名:中国历史地图集
索取号:K992.6/10:2
 
预约/预借
| 序号 | 登录号 | 条形码 | 馆藏地/架位号 | 状态 | 备注 |
| 1 | 0100794 | 000082582 | 第二借阅区/ [索取号:K992.6/10:2] | 在馆 | |
| 2 | 0100795 | 000082573 | 第二样本阅览室/ [索取号:K992.6/10:2] | 在馆 |